Responses for Show #362 - Tuesday, January 28, 1986

Beryl Arbit game 2.

Contestants

[<< previous game]

Carol McAvoy, a marketing manager from San Diego, California

Jeff Ujczo, an antique consultant originally from Cleveland, Ohio

Beryl Arbit, a legal assistant from Encino, California (whose 1-day cash winnings total $12,201)

[next game >>]

Jeopardy! Round responses

AQUATIC ANIMALS
MOVIES
IN THE MOUTH
DISASTERS
TRIVIA
"FF"
    $100 18
schools of fish

Beryl
    $100 2
Chevy Chase

Carol
    $100 16
the tongue

Carol
    $100 10
smog

Beryl
    $100 21
(Jeff: What is an A?)
(Carol: What is an O?)
...
(Alex: Less than a minute to go in the round.)

a vowel

BerylJeffCarol
    $100 1
(Jeff: What is frost/freeze?)
(Alex: You're right. Whoa, sorry. That's wrong.)

frost free

JeffCarol
    $200 3
Alec Guinness

Beryl
    $200 17
(Alex: That's what you set when you go fishing.)

hooks

Triple Stumper
    $200 11
(Beryl: What are hurricanes?)
...
(Alex: With a magnitude of about 10 on the Richter scale, there were [*] that caused those two rivers to flow backwards for a while.)

earthquakes

Beryl
Triple Stumper
    $200 22
(Jeff: What is gnarly?)
...
(Alex: What is [*]? That means disgusting. Beryl, go again.)
(Beryl: It's been a long time since I was a teenager.)

shanky

Jeff
Triple Stumper
    $200 5
feathered friends

Beryl
    $300 4
(Alex: How quickly we forget one of the most expensive films ever made.)

Cleopatra

Triple Stumper
    $300 19
(3 of) molars, incisors, cuspids, or bicuspids

Beryl
    $300 12
Allied bombing

Carol
    $300 23
a wolf

Jeff
    $300 6
Farrah Fawcett

Beryl
    $400 8
Tony Curtis & Sidney Poitier

Beryl
    $400 20
the palate

Jeff
    $400 13
a hailstorm

Beryl
    $400 24
Custer

Jeff
    $400 7
a foot fault

Carol
    $500 9
Lee J. Cobb

Jeff
    $500 26
[The end-of-round signal sounds.]

the uvula

Beryl
    $500 14
the Yellow River (Hwang Ho)

Carol
    $500 25
The Ink Spots

Carol
    $500 15
Federico Fellini

Beryl

Scores at the first commercial break (after clue 14):

Beryl Jeff Carol
$1,400 $400 $1,400

Scores at the end of the Jeopardy! Round:

Beryl Jeff Carol
$2,900 $1,200 $1,900

Double Jeopardy! Round responses

KENTUCKY
(Alex: Another in our continuing series featuring U.S. states.)
FOOD & DRINK
ART
OPTICAL HISTORY
MONEY
AWARDS
(Alex: If you win the money, you receive awards as well on our program.)
    $200 11
tobacco

Jeff
    $200 1
string beans

Beryl
    $200 26
the Venus de Milo

Carol
    $200 6
(Alex: Believe it or not, they were all painted with [*], wearing [*].)

glasses

Triple Stumper
    $200 19
trees

Jeff
    $200 9
the Emmys

Beryl
    $400 12
racehorses

Beryl
    $400 2
pickling

Triple Stumper
    $400 27
[The end-of-round signal sounds.]

painting

Triple Stumper
    $400 7
bifocals

Carol
    $400 22
(Alex: We've got about a minute to go in the round.)

leather

Carol
    $400 10
the Purple Heart

Jeff
    $600 15
"My Old Kentucky Home"

Jeff
    $600 3
tea

Beryl
    $600 8
(Jeff: What is a telescope?)

a monocle

Jeff
Triple Stumper
    $600 24
(Beryl: What are [*] & [**]?)
(Alex: Sorry, that-- I mean, yes, that's right. What are [*] and [**]?)
(Beryl: Or [**] and [*].)
(Alex: [**] and [*].)

red & blue

Beryl
    $700 13
Ella Fitzgerald

Beryl
    $800 16
Vice President of the United States

Beryl
    $800 4
London broil

Triple Stumper
    $800 20
(Alex: They think he had [*].)

astigmatism

Triple Stumper
    $600 25
(Beryl: What is the franc?)
(Alex: I thought you might go for that. That was my first choice also, but it's the [*].)

the dollar

Beryl
    $800 14
To Kill a Mockingbird

Jeff
    $1000 17
Robert Penn Warren

Carol
    $1000 5
(Jeff: What are chocolate & peppermint?)

chocolate & vanilla

Jeff
Triple Stumper
    $1000 21
Hammurabi

Beryl
    $1000 23
legal tender

Beryl
    $1000 18
the Tony

Beryl

Scores at the end of the Double Jeopardy! Round:

Beryl Jeff Carol
$8,800 $1,800 $3,900
(lock game)

[wagering suggestions for these scores]

Final Jeopardy! Round responses

THE OLYMPICS
JeffWhat is the backstroke?
$1,500
CarolWhat is the butterfly?
$500
BerylWhat is the backstroke?
$200
the backstroke

Final scores:

Beryl Jeff Carol
$9,000 $3,300 $3,400
2-day champion: $21,201 3rd place: Ventura luggage set 2nd place: trip to Roseland Ranch in Stanfordville, New York

Game dynamics:

Coryat scores:

Beryl Jeff Carol
$9,300 $1,800 $3,900
21 R
(including 2 DDs),
2 W
(including 1 DD)
9 R,
5 W
11 R,
1 W

Combined Coryat: $15,000

[game clues] [game scores] [suggest correction]

Game tape date: 1985-09-18
The J! Archive is created by fans, for fans. Scraping, republication, monetization, and malicious use prohibited; this site may use cookies and collect identifying information. See terms. The Jeopardy! game show and all elements thereof, including but not limited to copyright and trademark thereto, are the property of Jeopardy Productions, Inc. and are protected under law. This website is not affiliated with, sponsored by, or operated by Jeopardy Productions, Inc. Join the discussion at JBoard.tv.